000 00569nam a22001815i 4500
001 156073
003 ES-MaACL
005 20230906210318.0
008 040727s1812 sp |||| | spa d
040 _aCAM
_bspa
_cCAM
080 _a821.134.2-191"17"
100 1 _aIriarte, Tomás de (
_d1750-1791)
_965443
245 1 0 _aFábulas literarias de D. Tomás de Yriarte.
260 _aSegovia :
_b[s.n.],
_c1812 (
_fImprenta de Espinosa)
300 _a128 p. ;
_c15 cm.
597 _aSignaturizado.
852 _aES-MaACL
_jR-576
_z-- Enc. perg. moderna
_x Olim: G-670
999 _c156073
_d156073